| 000 | 00875cam a2200325 4500500 | ||
|---|---|---|---|
| 005 | 20260329004831.0 | ||
| 041 | _afre | ||
| 042 | _adc | ||
| 100 | 1 | 0 |
_aSorente, Isabelle _eauthor |
| 245 | 0 | 0 | _aPourquoi on s’énerve ? |
| 260 | _c2021. | ||
| 500 | _a97 | ||
| 690 | _aAgnès Jaoui | ||
| 690 | _aColère | ||
| 690 | _aÉlectricité | ||
| 690 | _aEmotions | ||
| 690 | _aÉnervement | ||
| 690 | _aFatigue | ||
| 690 | _aNeurosciences | ||
| 690 | _aRaphaël Enthoven | ||
| 690 | _aRéseaux sociaux | ||
| 690 | _aSchopenhauer | ||
| 690 | _aTechnologie | ||
| 690 | _aTemps | ||
| 690 | _aTransports | ||
| 690 | _aTristan Garcia | ||
| 690 | _aTwitter | ||
| 786 | 0 | _nPhilosophie magazine | 150 | 6 | 2021-06-01 | p. 34-34 | 1951-1787 | |
| 856 | 4 | 1 | _uhttps://shs.cairn.info/magazine-philosophie-magazine-2021-6-page-34?lang=fr&redirect-ssocas=7080 |
| 999 |
_c1837762 _d1837762 |
||